Order the Cities - Statistics

General Stats
  • This quiz has been taken 85 times
  • The average score is 3 of 15
Answer Stats
Population Urban Area % Correct
48.6 mil Guangzhou
93%
39.8 mil Tokyo
90%
31.1 mil Shanghai
66%
28.9 mil Jakarta
38%
27.2 mil Delhi
24%
25.1 mil Karachi
9%
22.3 mil Mexico City
5%
24.8 mil Seoul
5%
20.7 mil Beijing
3%
24.1 mil Manila
3%
17.8 mil Osaka
3%
21.9 mil São Paulo
3%
17.9 mil Dhaka
2%
23.6 mil Mumbai
2%
22.2 mil New York City
2%
No matching quizzes found
Score Distribution
Percent of People with Each Score
Percentile by Number Answered
Your Score History
You have not taken this quiz